U.S States With the Letter T - Statistics

General Stats
  • This quiz has been taken 210 times
  • The average score is 14 of 15
Answer Stats
U.S States % Correct
Texas
98%
Tennessee
95%
Kentucky
94%
North Dakota
94%
South Dakota
94%
Vermont
93%
Washington
93%
Minnesota
91%
Utah
91%
West Virginia
90%
Connecticut
89%
North Carolina
89%
South Carolina
89%
Montana
88%
Massachusetts
86%
No matching quizzes found
Score Distribution
Percent of People with Each Score
Percentile by Number Answered
Your Score History
You have not taken this quiz